<?xml version="1.0" encoding="UTF-8"?>
<collection xmlns="http://www.loc.gov/MARC21/slim">
<record>
  <controlfield tag="001">60402</controlfield>
  <controlfield tag="005">20240322114949.0</controlfield>
  <datafield tag="024" ind1="8" ind2=" ">
    <subfield code="2">sideral</subfield>
    <subfield code="a">97805</subfield>
  </datafield>
  <datafield tag="037" ind1=" " ind2=" ">
    <subfield code="a">ART-2016-97805</subfield>
  </datafield>
  <datafield tag="041" ind1=" " ind2=" ">
    <subfield code="a">spa</subfield>
  </datafield>
  <datafield tag="100" ind1=" " ind2=" ">
    <subfield code="a">Aso Morán, Borja</subfield>
    <subfield code="u">Universidad de Zaragoza</subfield>
    <subfield code="0">(orcid)0000-0002-3023-4516</subfield>
  </datafield>
  <datafield tag="245" ind1=" " ind2=" ">
    <subfield code="a">Estudio de caso de la acción educativa del Museu Afro Brasil de São Paulo</subfield>
  </datafield>
  <datafield tag="260" ind1=" " ind2=" ">
    <subfield code="c">2016</subfield>
  </datafield>
  <datafield tag="506" ind1="0" ind2=" ">
    <subfield code="a">Access copy available to the general public</subfield>
    <subfield code="f">Unrestricted</subfield>
  </datafield>
  <datafield tag="520" ind1="3" ind2=" ">
    <subfield code="a">Artículo de investigación que presenta un estudio de caso realizado en el Museu Afro Brasil de la ciudad brasileña de São Paulo. Se ha empleado una metodología cualitativa, donde el objetivo de investigación ha sido el conocimiento y análisis de las acciones educativas que el museo desempeña para con su público paulista y, en general, brasileño. Dicho estudio de caso queda enmarcado dentro de un proyecto de investigación más amplio desarrollado en diferentes espacios museísticos de São Paulo, como por ejemplo el Museu de Arte Moderna o el Museu da Pessoa. Para la elección del caso, se ha seguido el método OEPE propuesto por el equipo de investigación dirigido por la Dra. Fontal Merillas.

Research article that presents a case study carried out in the Museu Afro Brasil of the Brazilian city of São Paulo. A qualitative methodology has been used, where the objective of research has been the knowledge and analysis of the educational actions that the museum offers for its citizenship and, in general, Brazilian public. This case study is framed within a broader research project developed in different museum spaces of São Paulo, such as the Museu de Arte Moderna or the Museu da Pessoa. For the choice of case, the OEPE method proposed by the research team led by Dr. Fontal Merillas has been followed.</subfield>
  </datafield>
  <datafield tag="540" ind1=" " ind2=" ">
    <subfield code="9">info:eu-repo/semantics/openAccess</subfield>
    <subfield code="a">by-nc-nd</subfield>
    <subfield code="u">http://creativecommons.org/licenses/by-nc-nd/3.0/es/</subfield>
  </datafield>
  <datafield tag="655" ind1=" " ind2="4">
    <subfield code="a">info:eu-repo/semantics/article</subfield>
    <subfield code="v">info:eu-repo/semantics/publishedVersion</subfield>
  </datafield>
  <datafield tag="700" ind1=" " ind2=" ">
    <subfield code="a">García Ceballos, Silvia</subfield>
    <subfield code="0">(orcid)0000-0002-7661-3001</subfield>
  </datafield>
  <datafield tag="700" ind1=" " ind2=" ">
    <subfield code="a">Rivero Gracia, María Pilar</subfield>
    <subfield code="u">Universidad de Zaragoza</subfield>
    <subfield code="0">(orcid)0000-0002-6757-7598</subfield>
  </datafield>
  <datafield tag="700" ind1=" " ind2=" ">
    <subfield code="a">Fontal Merillas, Olaia</subfield>
  </datafield>
  <datafield tag="710" ind1="2" ind2=" ">
    <subfield code="1">4006</subfield>
    <subfield code="2">210</subfield>
    <subfield code="a">Universidad de Zaragoza</subfield>
    <subfield code="b">Dpto. Didác.Leng.y CC.HH.y SS.</subfield>
    <subfield code="c">Área Didáctica Ciencias Socia.</subfield>
  </datafield>
  <datafield tag="773" ind1=" " ind2=" ">
    <subfield code="g">42 (2016), [18 pp.]</subfield>
    <subfield code="p">Clío (Valencia)</subfield>
    <subfield code="t">Clío (Valencia)</subfield>
    <subfield code="x">1139-6237</subfield>
  </datafield>
  <datafield tag="856" ind1="4" ind2=" ">
    <subfield code="s">433100</subfield>
    <subfield code="u">http://zaguan.unizar.es/record/60402/files/texto_completo.pdf</subfield>
    <subfield code="y">Versión publicada</subfield>
  </datafield>
  <datafield tag="856" ind1="4" ind2=" ">
    <subfield code="s">79047</subfield>
    <subfield code="u">http://zaguan.unizar.es/record/60402/files/texto_completo.jpg?subformat=icon</subfield>
    <subfield code="x">icon</subfield>
    <subfield code="y">Versión publicada</subfield>
  </datafield>
  <datafield tag="856" ind1="4" ind2="1">
    <subfield code="u">http://clio.rediris.es/n42/articulos/monografico/aso2016.pdf</subfield>
    <subfield code="z">Texto completo de la revista</subfield>
  </datafield>
  <datafield tag="909" ind1="C" ind2="O">
    <subfield code="o">oai:zaguan.unizar.es:60402</subfield>
    <subfield code="p">articulos</subfield>
    <subfield code="p">driver</subfield>
  </datafield>
  <datafield tag="951" ind1=" " ind2=" ">
    <subfield code="a">2024-03-22-11:46:30</subfield>
  </datafield>
  <datafield tag="980" ind1=" " ind2=" ">
    <subfield code="a">ARTICLE</subfield>
  </datafield>
</record>
</collection>